Culture Générale - Série 1665 - Statistiques

Statistiques générales
  • Ce quiz a été pris 77 fois
  • Le résultat moyen est 5 sur 10
Statistiques - réponses
Question Réponse % Correct
Quel pays d'Amérique centrale a pour capitale San José ? Costa Rica
85%
Au bord de quelle mer est située la station balnéaire de Yalta en Crimée ? mer Noire
82%
Quel est le nom, issu du mot "pied", de l'appareil qui comptabilise le nombre de pas d'un marcheur ? podomètre
73%
Qui a écrit en 1959 "le deuxième sexe" ? Simone de Beauvoir
62%
Quelle race de chien de compagnie d'origine chinoise, à la langue noire bleutée, a pour nom la même syllabe répétée deux fois ? chow-chow
52%
Comment appelle-t-on le petit de la marmotte ? marmotton
49%
La figure de style qui consiste à dire moins pour suggérer plus (exemple : "il n'est pas laid" pour dire "il est beau" est une ... litote
44%
Dans quel département français se trouve le parc naturel des Causses du Quercy ? Lot
27%
Quel compositeur russe a écrit le ballet "L'Oiseau de feu" en 1910 ? Igor Stravinsky
23%
Dans la série télévisée d'animation créée en 1987, quel ennemi masqué des Tortues Ninja a pour vrai nom Oroku Saki ? Shredder
11%
Aucun quiz correspondant
Distribution des résultats
% des personnes avec chaque résultat
Percentile par nombre de réponses
Votre historique - résultats
Vous n’avez pas pris ce quiz